Представление документа в формате MARC21

Поле Инд. ПП Название Значение
Тип записи a
Библиографический уровень b
001 Контрольный номер RU/IS/BASE/102768359
005 Дата корректировки 20200630193223.4
084 a Индекс другой классификации/Индекс ББК 87.25
a Индекс другой классификации/Индекс ББК 86.212
a Индекс другой классификации/Индекс ББК 87.22
100 1_ a Автор Стеклова И. В.
245 _0 a Заглавие Наука среди форм познания
500 a Примечание В рубрике "Преподавателю социально-гуманитарных дисциплин"
504 a Библиография Библиогр. ссылки
650 04 a Основная рубрика гносеология (эпистемология)
a Основная рубрика наука
a Основная рубрика религиоведение
a Основная рубрика религия
a Основная рубрика религия и наука
a Основная рубрика философия
a Основная рубрика философия науки
653 0_ a Ключевые слова истина
a Ключевые слова мировоззрение
a Ключевые слова мистицизм
a Ключевые слова научное познание
a Ключевые слова оккультизм
a Ключевые слова познание
a Ключевые слова религиозно-мистические течения
a Ключевые слова религиозно-философская мысль
a Ключевые слова теология
a Ключевые слова теософия
a Ключевые слова формы познания
773 18 t Заглавие источника Социально-гуманитарные знания
d Дата издания источника 2003
g Прочая информация № 1. - С. 94 - 105
w Контрольный № источника RU/IS/BASE/101491030
901 t Тип документа b